000 01020nam a2200253 4500
005 20240530110938.0
008 221020s2021 ua g b 000 0 ara d
017 _a2012/14843
_bمصر. دار الكتب
020 _a9789776809468
040 _aEG-CaGPL
_cEG-CaGPL
082 0 4 _221
_a155.232/
_bز ت
100 0 _aزينب عمر عبدالجليل
245 1 2 _aالتنمر الالكترونى وعلاقتة بالعوامل الخمسة الكبرى وبعض الاضطرابات النفسية :
_bالقلق والاكتئاب /
_cاعداد زينب عمر عبدالجليل
250 _aالاولى
260 _aالقاهرة :
_bالمؤسسة الدولية للكناب،
_c2021.
300 _a179 ص. ؛
_c24 سم +
_eملاحق.
504 _aيشتمل على ارجاعات ببليوجرافية
650 0 7 _2qrmak
_aالقلق
650 0 7 _2qrmak
_aالاكتئاب
651 _2qrmak
653 0 _aالتنمر
942 _cBK
_2ddc
999 _c66766
_d66766